000
00303nam a22001337a 4500
020
_a
0-14-036859-0
082
_a
823
_b
BOY/C
100
_a
BOYD, CANDY DAWSON
245
_a
CHEVROLET SATURDAYS
260
_a
NEW YORK
_b
PENGUIN BOOKS
_c
1993
300
_a
176
650
_a
NOVEL
_z
UNITED STATES
942
_c
BK
999
_c
2794
_d
2794